Electrical machines, drives, and power systems / (Record no. 867)
[ view plain ]
| 000 -LEADER | |
|---|---|
| fixed length control field | 00857nac a22002171u 4500 |
| 020 ## - INTERNATIONAL STANDARD BOOK NUMBER | |
| International Standard Book Number | 0130986372 (pbk.) |
| 082 ## - DEWEY DECIMAL CLASSIFICATION NUMBER | |
| Classification number | 621.31042 |
| Item number | W6736 |
| 090 ## - LOCALLY ASSIGNED LC-TYPE CALL NUMBER (OCLC); LOCAL CALL NUMBER (OCLC) | |
| -- | 867 |
| -- | 867 |
| 100 ## - MAIN ENTRY--PERSONAL NAME | |
| Personal name | Wildi, Theodore. |
| 245 ## - TITLE STATEMENT | |
| Title | Electrical machines, drives, and power systems / |
| Statement of responsibility, etc | Theodore Wildi. |
| 250 ## - EDITION STATEMENT | |
| Edition statement | 5th ed., International ed. |
| 260 ## - PUBLICATION, DISTRIBUTION, ETC. (IMPRINT) | |
| Place of publication, distribution, etc | Upper Saddle River, N.J.: |
| Name of publisher, distributor, etc | Pearson Education International, |
| Date of publication, distribution, etc | c2002. |
| 300 ## - PHYSICAL DESCRIPTION | |
| Extent | xix, 886 p. : |
| Other physical details | ill. ; |
| Dimensions | 24 cm. |
| 500 ## - GENERAL NOTE | |
| General note | Previous ed: 2000. |
| 504 ## - BIBLIOGRAPHY, ETC. NOTE | |
| Bibliography, etc | Includes bibliographical references and index. |
| 650 ## - SUBJECT ADDED ENTRY--TOPICAL TERM | |
| Topical term or geographic name as entry element | Electric machinery. |
| 650 ## - SUBJECT ADDED ENTRY--TOPICAL TERM | |
| Topical term or geographic name as entry element | Electric driving. |
| 650 ## - SUBJECT ADDED ENTRY--TOPICAL TERM | |
| Topical term or geographic name as entry element | Electric power systems. |
| 942 ## - ADDED ENTRY ELEMENTS (KOHA) | |
| Item type | Book - Borrowing |
| Call number prefix | 621.31042W6736 |
| Withdrawn status | Item status | Source of classification or shelving scheme | Damaged status | Not for loan | Vendor | Home library | Current library | Shelving location | Date acquired | Source of acquisition | Cost, normal purchase price | Total Checkouts | Total Renewals | Full call number | Barcode | Date last seen | Date last borrowed | Cost, replacement price | Koha item type |
|---|---|---|---|---|---|---|---|---|---|---|---|---|---|---|---|---|---|---|---|
| Dewey Decimal Classification | Central Library | Central Library | First floor | 06/08/2006 | 281.00 | 7 | 30 | 621.31042 WIL | 000003664 | 15/07/2025 | 04/10/2018 | 351.25 | Book - Borrowing |